| 000 | 01160nam a2200229Ia 4500 | ||
|---|---|---|---|
| 001 | L196-2075 | ||
| 003 | IT-CnALBA | ||
| 008 | 170116s9999||||xx |||||||||||||| ||und|| | ||
| 040 |
_aIT-CnALBA _cIT-CnALBA |
||
| 041 | _aSPAGNOLO | ||
| 100 | _aBALMES GIACOMO | ||
| 245 | 0 | _aEL CRITERIO. | |
| 250 | _a35a ed. | ||
| 260 |
_a BARCELONA _bEDITORIAL ARALUCE _c1950 [1° Ed.: n.d.] |
||
| 300 | _a284 p. | ||
| 500 | _aNOTIZIE BIOGRAFICHE. VERITÀ ATTENZIONE. SCELTA DELLA VIA. QUESTIONI DI POSSIBILITÀ. QUESTIONI DI ESISTENZA. PRIMA CONOSCENZA. LOGICA E BENEVOLENZA. AUTORITÀ UMANA. GIORNALI. VIAGGI. STORIA. CONSCENZA DELLA NATURA. PERCEZIONE. GIUDIZIO. RAGIONAMENTO. RIFLE | ||
| 501 | _aSocietà San Paolo EM - Piazza San Paolo, 14 - 12051 ALBA (CN) (non commercial uses only) ® Copyright 2017 | ||
| 520 | _aNOTIZIE BIOGRAFICHE. VERITÀ ATTENZIONE. SCELTA DELLA VIA. QUESTIONI DI POSSIBILITÀ. QUESTIONI DI ESISTENZA. PRIMA CONOSCENZA. LOGICA E BENEVOLENZA. AUTORITÀ UMANA. GIORNALI. VIAGGI. STORIA. CONSCENZA DELLA NATURA. PERCEZIONE. GIUDIZIO. RAGIONAMENTO. RIFLE | ||
| 650 | _aFILOSOFIA SPAGNOLO-PORTOGHESE | ||
| 942 | _cBK | ||
| 957 | _71 | ||
| 999 |
_a3054 _bNO _g Copie: 1 _c261291 _d261291 |
||